00752 2200277 4500001002100000005001700021008004100038020002200079035002400101082001200125090001900137100001600156245008600172250001000258260003800268300002500306500003100331500001100362650002200373850001500395980001300410985000600423999001500429999001500444999001500459YOGYA-0209000004025520090227025633.0 ind  a978-979-1277-67-9 0010-020900000040255 a297.272 a297.272bQod I aQODIR, Zuly aIslam syariah vis-A-vis negarabIdeologi gerakan politik di IndonesiacZuly Qodir aCet.1 aYogyakartabPustaka Pelajarc2007 axxii, 350 hlmc21 cm aBibliografi : hlm. 330-331 aIndeks aIslam dan politik aYOPDYOG(B) a07-12-07 a3 a07B0031683 a07B0031684 a07B0031685